Konštrukčný návrh nadstavby stola s výsuvným mechanizmom

Guardado en:
Detalles Bibliográficos
Autor principal: Fazekas, Daniel (Autor)
Otros Autores: Milesich, Tomáš (Orientador)
Formato: Manuscrito Libro
Lenguaje:eslovaco
Publicado: 2019
Materias:
Acceso en línea:http://is.stuba.sk/zp/portal_zp.pl?podrobnosti=137159
Etiquetas: Agregar Etiqueta
Sin Etiquetas, Sea el primero en etiquetar este registro!

MARC

LEADER 00000ntm a22000003a 4500
001 stuzp74817
003 SK-STU
005 20190608213252.5
007 ta
008 150427s2015----xo-----f-mn---000-0-slo-d
040 |a STU  |b slo 
041 0 |a slo 
100 1 |a Fazekas, Daniel  |u 020030  |4 aut  |U SjF Strojnícka fakulta  |T SjF Ústav dopravnej techniky a konštruovania  |X 87688  |U J0030  |Y 806  |7 87688 
242 0 1 |a Design of table extension with sliding mechanism  |y eng 
245 1 0 |a Konštrukčný návrh nadstavby stola s výsuvným mechanizmom 
260 |c 2019 
650 4 |a Konštrukčný návrh  |2 slo 
650 4 |a Teleskopický stôl  |2 slo 
650 4 |a CAD  |2 slo 
650 4 |a dopravník  |2 slo 
650 4 |a Výsuvný mechanizmus  |2 slo 
650 4 |a telescopic mechanism  |2 eng 
650 4 |a construction design  |2 eng 
650 4 |a CAD  |2 eng 
650 4 |a telescopic table  |2 eng 
650 4 |a conveyor  |2 eng 
700 1 |a Milesich, Tomáš  |u 020030  |k Z2  |4 ths  |U SjF Strojnícka fakulta  |T SjF Ústav dopravnej techniky a konštruovania  |X 49630  |U J0030  |Y 806  |7 A000049630 
856 4 |u http://is.stuba.sk/zp/portal_zp.pl?podrobnosti=137159